00459nam a2200145Ia 4500008004100000020001800041082001400059100002900073245002500102260001800127500001500145942000700160952013100167999001500298260604s9999 xx 000 0 und d a9781836595199 a158.1 NGU aBy natalie nguyen935670 0aAbnormal Psychology. bEd-Tech Press aPsychology cBK 00104070aIIMVbIIMVcLOCKERd2026-06-04g20136.50l0o158.1 NGUp004112r2026-06-04 10:20:29v20136.50w2026-06-04yBKBNGU c8494d8494